Identification of organic compounds : (Record no. 10251)
[ view plain ]
| 000 -LEADER | |
|---|---|
| fixed length control field | 00911nam a22002651 4500 |
| 001 - CONTROL NUMBER | |
| control field | 10251 |
| 003 - CONTROL NUMBER IDENTIFIER | |
| rucl marc code | BD-RjUL |
| 005 - DATE AND TIME OF LATEST TRANSACTION | |
| control field | 20211208234924.0 |
| 008 - FIXED-LENGTH DATA ELEMENTS--GENERAL INFORMATION | |
| fixed length control field | 140123s1963 nyua b 000 0 eng |
| 020 ## - INTERNATIONAL STANDARD BOOK NUMBER | |
| International Standard Book Number | 0470152796 |
| 035 ## - SYSTEM CONTROL NUMBER | |
| System control number | (BD-RjUL)10299 |
| 040 ## - CATALOGING SOURCE | |
| Original cataloging agency | DLC/ICU |
| Transcribing agency | ICU |
| Modifying agency | DLC |
| -- | DLC |
| -- | BD-RjUL |
| Language of cataloging | eng |
| 041 ## - LANGUAGE CODE | |
| Language code of text/sound track or separate title | eng |
| 082 00 - DEWEY DECIMAL CLASSIFICATION NUMBER | |
| Classification number | 547 |
| Edition number | 23 |
| Author mark and year | CHI 1963 |
| 100 10 - MAIN ENTRY--PERSONAL NAME | |
| Personal name | Cheronis, Nicholas Dimitrius, |
| Dates associated with a name | 1896-1962. |
| 9 (RLIN) | 31677 |
| 245 10 - TITLE STATEMENT | |
| Title | Identification of organic compounds : |
| Remainder of title | a student's text using semimicro techniques / |
| Statement of responsibility, etc. | Nicholas D. Cheronis and John B. Entrikin. |
| 260 ## - PUBLICATION, DISTRIBUTION, ETC. (IMPRINT) | |
| Place of publication, distribution, etc. | New York : |
| Name of publisher, distributor, etc. | Interscience Publishers, |
| Date of publication, distribution, etc. | c1963. |
| 300 ## - PHYSICAL DESCRIPTION | |
| Pagination | vi, 477 p. : |
| Illustrations | ill.. ; |
| Size | 25 cm. |
| 504 ## - BIBLIOGRAPHY, ETC. NOTE | |
| Bibliography, etc | Includes bibliography. |
| 650 #0 - SUBJECT ADDED ENTRY--TOPICAL TERM | |
| Topical term or geographic name as entry element | Chemistry, Organic |
| General subdivision | Tables. |
| 9 (RLIN) | 31678 |
| Topical term or geographic name as entry element | Microchemistry. |
| 9 (RLIN) | 29314 |
| 700 1# - ADDED ENTRY--PERSONAL NAME | |
| Personal name | Entrikin, John Bennett, |
| Dates associated with a name | 1899- |
| Relator term | joint author. |
| 942 ## - ADDED ENTRY ELEMENTS (KOHA) | |
| Source of classification or shelving scheme | Dewey Decimal Classification |
| Koha item type | Books |
| Lost status | Source of classification or shelving scheme | Damaged status | Not for loan | Collection code | Permanent Location | Current Location | Shelving location | Date acquired | Source of acquisition | Cost, normal purchase price | Total Checkouts | Full call number | Date last seen | Copy number | Koha item type |
|---|---|---|---|---|---|---|---|---|---|---|---|---|---|---|---|
| Dewey Decimal Classification | Not For Loan | Non-fiction | Central Library, University of Rajshahi | Central Library, University of Rajshahi | Reading Room | 16/07/1977 | Heffers. | 15.30 | 547 CHI 1963 | 23/01/2014 | C-1 | Books | |||
| Dewey Decimal Classification | Non-fiction | Central Library, University of Rajshahi | Central Library, University of Rajshahi | 25/02/1980 | Heffers | 15.30 | 547 CHI 1963 | 15/05/2017 | C-2 | Books |